Fleurance - Choix Multiples - Statistiques

Statistiques générales
  • Ce quiz a été pris 7 fois
  • Le résultat moyen est 6 sur 10
Statistiques - réponses
Question Réponse % Correct
Fleurance fait partie de ces "villes nouvelles" du Sud-Ouest, fondées entre le XIIIe et le XIVe siècle, aussi appelées... Bastides
100%
Quel festival, le plus grand de France dans ce domaine, la ville accueille-t-elle chaque première dizaine du mois d'août ? Le Festival du Ciel et de l'Espace
83%
Quel grand évènement sportif a vu son départ se faire à Fleurance par deux fois, dans les années 70 ? Le Tour de France
83%
Quelle ligne de bus dessert la ville ? Auch - Agen
67%
De quelle ville Fleurance s'est-elle inspirée pour son nom ? Florence
67%
Quel nom porte le petit comté où se trouve Fleurance et 19 autres communes voisines ? Le Pays de Gaure
67%
En-dehors d'Auch et de l'Isle-Jourdain, il s'agit de la seule ville du Gers à disposer d'un... McDonald's
67%
Quelle ancienne commune fut démembrée et partagée entre Fleurance et Urdens, en 1823 ? Lamothe-Endo
33%
Dans quelle type de chaussures la ville s'est-elle illustrée ? Les espadrilles
33%
Quelle halle est celle de Fleurance ?
17%
Aucun quiz correspondant
Distribution des résultats
% des personnes avec chaque résultat
Percentile par nombre de réponses
Votre historique - résultats
Vous n’avez pas pris ce quiz